Statistics for Name a Valid U.S. State - Buildings

Click here to take the quiz!

General Stats

  • This quiz has been taken 167 times
  • The average score is 9 of 15

Answer Stats

Name a state ...Answer% Correct
that has at least five buildings taller than 1,000 feetIllinois | New York
100%
whose tallest completed building has a height over 1,000 feet, other than the states that work as answers to the first questionCalifornia | Georgia | Pennsylvania | Texas
92%
that has multiple cities with buildings taller than 800 feetCalifornia | Pennsylvania | Texas
89%
whose tallest building is visible at ground level from another state, other than the states that work as answers to the first questionDelaware | Kentucky | Missouri | Nebraska | New Jersey | Oregon | Pennsylvania
84%
whose tallest building is visible at ground level from another countryMichigan
79%
whose tallest completed building has a height under 200 feetSouth Dakota | Vermont | Wyoming
74%
whose tallest building or observation tower is not in the largest city proper in the stateAlabama | Connecticut | Florida | Maine | Mississippi | Missouri | New Jersey | North Dakota | Ohio | South Carolina
64%
whose tallest building is a hotel and casinoMississippi | Nevada
62%
whose tallest building has a bank or other financial services company in its nameArizona | Arkansas | Delaware | Georgia | Hawaii | Maryland | Minnesota | Montana | Nebraska | North Carolina | Ohio | Oregon | Rhode Island | Texas | Utah | Wisconsin | Wyoming
61%
that doesn't touch the ocean or the Great Lakes but has at least one building or observation tower taller than 800 feetNevada | Oklahoma
60%
whose tallest building has an oil or energy company in its nameAlaska | Louisiana | Oklahoma
54%
whose tallest building is the state capitolNorth Dakota | West Virginia
36%
whose tallest completed building is a residential building, in whole or in partFlorida | New Jersey | Vermont | Virginia
35%
whose tallest building has a telecommunications company in its namePennsylvania | South Dakota | Tennessee
32%
whose tallest building is a church or converted churchMaine
12%

Score Distribution

Percentile by Number Answered

Percent of People with Each Score

Your Score History

You have not taken this quiz